=LDR 00000nam 2200000 4500 =001 INLIS000000000051521 =005 20201214091414 =035 ##$$a 0010-0917000325 =007 ta =008 201214################g##########0#ind## =020 ##$$a 978-602-6559-07-4 =082 ##$$a 323.607 =084 ##$$a 323.607 WAW =245 ##$$a Wawasan Kebangsaan dalam Kerangka NKRI =260 ##$$a Yogyakarta :$b Indoliterasi,$c 2017 =300 ##$$a iii, 148 hlm : $b ilus. ; $c 21x14 cm =650 #4$$a Kebangsaan-Studi dan Pengajaran =700 #$$a Rudianto [ etal ] =504 ##$$a Bibliografi ; Hlm. 147 =520 ##$$a Biografi : Hlm. 148 =250 ##$$a cet.1 =990 ##$$a 21704550 =990 ##$$a 21704549 =990 ##$$a 21704548 =990 ##$$a 21704547 =990 ##$$a 21704546